[Event "Chigorin Memorial 26th"]
[Site "St Petersburg"]
[Date "2018.11.04"]
[Round "9"]
[White "Yarosh, Ruslan"]
[Black "Loktionov, Kirill"]
[Result "1-0"]
[WhiteElo "1981"]
[BlackElo "1776"]
[PlyCount "109"]
[EventDate "2018.10.27"]
[EventType "swiss"]
[EventRounds "9"]
[EventCountry "RUS"]
[SourceTitle "CBM 187 Extra"]
[Source "ChessBase"]
[SourceDate "2018.11.04"]
[SourceVersion "1"]
[SourceVersionDate "2018.11.04"]
[SourceQuality "1"]

1. e4 c5 2. Nf3 Nc6 3. Bb5 e6 4. Bxc6 bxc6 5. d3 d5 6. e5 f6 7. 0-0 fxe5 8. Nxe5 Nf6 9. Bf4 Bd6 10. Qe2 Qc7 11. Bg3 0-0 12. Nd2 Ba6 13. c4 Rae8 14. Rae1 Nd7 15. Ndf3 Rf5 16. Nxd7 Qxd7 17. Bxd6 Qxd6 18. Ne5 Rd8 19. b3 Re8 20. Qe3 Ref8 21. f4 Rd8 22. Rf2 Bb7 23. g3 Rff8 24. Nf3 Rde8 25. Qe5 Qd7 26. Qc3 Qc7 27. Re5 Bc8 28. Rfe2 Re7 29. Nd2 Rff7 30. Nb1 Rf8 31. Qe1 Ref7 32. Nc3 Qd6 33. Na4 h6 34. h4 Rf5 35. Rxf5 Rxf5 36. Re5 dxc4 37. Rxf5 exf5 38. dxc4 Qd4+ 39. Qf2 Kf7 40. Nxc5 Qxf2+ 41. Kxf2 Ke7 42. Ke3 Kf6 43. Kd4 a6 44. Nd3 g5 45. hxg5+ hxg5 46. Kc5 Bd7 47. Ne5 Be8 48. Nxc6 Kg6 49. Ne5+ Kh5 50. b4 gxf4 51. gxf4 Kh4 52. b5 axb5 53. cxb5 Kg3 54. b6 Kxf4 55. b7 1-0

[Event "Chigorin Memorial 26th"]
[Site "St Petersburg"]
[Date "2018.11.03"]
[Round "8"]
[White "Yarosh, Ruslan"]
[Black "Trifonov, Vladislav"]
[Result "1/2-1/2"]
[WhiteElo "1981"]
[BlackElo "1749"]
[PlyCount "76"]
[EventDate "2018.10.27"]
[EventType "swiss"]
[EventRounds "9"]
[EventCountry "RUS"]
[SourceTitle "CBM 187 Extra"]
[Source "ChessBase"]
[SourceDate "2018.11.04"]
[SourceVersion "1"]
[SourceVersionDate "2018.11.04"]
[SourceQuality "1"]

1. e4 c5 2. Nf3 d6 3. d4 cxd4 4. Nxd4 Nf6 5. f3 e6 6. c4 Nc6 7. Nc3 Be7 8. Be3 0-0 9. Be2 d5 10. Nxc6 bxc6 11. cxd5 cxd5 12. exd5 Nxd5 13. Nxd5 exd5 14. 0-0 Bf6 15. Bd4 Rb8 16. b3 Re8 17. Re1 a5 18. Rc1 a4 19. bxa4 Ba6 20. Bxf6 Qxf6 21. Bxa6 Qxa6 22. Qxd5 Re2 23. Rxe2 Qxe2 24. Rd1 h6 25. Qd2 Qe5 26. a5 Rb2 27. Qd8+ Kh7 28. Qd3+ Kg8 29. Rc1 g6 30. a6 Rxa2 31. Rd1 Qb2 32. Qf1 Qb6+ 33. Kh1 Qxa6 34. Qg1 Qa8 35. Qe1 Qa6 36. Qg1 Qa8 37. Qe1 Qa6 38. Qg1 Qa8 1/2-1/2

[Event "Chigorin Memorial 26th"]
[Site "St Petersburg"]
[Date "2018.10.29"]
[Round "3"]
[White "Yarosh, Ruslan"]
[Black "Petrov, Maksim1111"]
[Result "1-0"]
[WhiteElo "1981"]
[BlackElo "1589"]
[PlyCount "97"]
[EventDate "2018.10.27"]
[EventType "swiss"]
[EventRounds "9"]
[EventCountry "RUS"]
[SourceTitle "CBM 187 Extra"]
[Source "ChessBase"]
[SourceDate "2018.11.04"]
[SourceVersion "1"]
[SourceVersionDate "2018.11.04"]
[SourceQuality "1"]

1. d4 d5 2. Nf3 Nf6 3. Bg5 Ne4 4. Bf4 e6 5. e3 c5 6. c3 Be7 7. Nbd2 Nf6 8. h3 Nc6 9. Bd3 0-0 10. Ne5 Bd6 11. Bh2 Qc7 12. f4 Ne7 13. 0-0 b6 14. Qf3 Bb7 15. Rf2 Ne8 16. Qe2 f6 17. Nef3 f5 18. Ne5 Nf6 19. g4 Ne4 20. Rg2 Bxe5 21. fxe5 Ng6 22. gxf5 Rxf5 23. Bg3 Raf8 24. Rf1 Qe7 25. Be1 R8f7 26. Rxf5 Rxf5 27. Rg4 Rg5 28. Qg2 Rh5 29. Nxe4 dxe4 30. Bxe4 Bxe4 31. Rxe4 cxd4 32. cxd4 Qc7 33. Bc3 Nh4 34. Qe2 Rh6 35. Rg4 Qc6 36. e4 Ng6 37. Qe3 Qa4 38. Rg3 Qxa2 39. Kh2 Qa4 40. d5 exd5 41. exd5 Qc2+ 42. Rg2 Qf5 43. d6 Nf4 44. Rg3 Qc2+ 45. Bd2 Ng6 46. d7 Qc7 47. Qb3+ Kh8 48. Qd5 Qd8 49. Bxh6 1-0

[Event "Chigorin Memorial 26th"]
[Site "St Petersburg"]
[Date "2018.10.27"]
[Round "1"]
[White "Yarosh, Ruslan"]
[Black "Kotlyar, Kirill"]
[Result "0-1"]
[WhiteElo "1981"]
[BlackElo "2390"]
[PlyCount "80"]
[EventDate "2018.10.27"]
[EventType "swiss"]
[EventRounds "9"]
[EventCountry "RUS"]
[SourceTitle "CBM 187 Extra"]
[Source "ChessBase"]
[SourceDate "2018.11.04"]
[SourceVersion "1"]
[SourceVersionDate "2018.11.04"]
[SourceQuality "1"]

1. d4 Nf6 2. Nf3 e6 3. Bg5 c5 4. e3 Qb6 5. Bxf6 Qxb2 6. Nbd2 gxf6 7. c4 cxd4 8. Rb1 Qa3 9. exd4 Be7 10. Be2 0-0 11. Rb3 Qd6 12. Re3 f5 13. Bd3 Nc6 14. 0-0 Bf6 15. d5 Ne7 16. Nb3 Ng6 17. Nfd4 Qf4 18. Ne2 Qh6 19. Ned4 Bg7 20. Rh3 Qf4 21. Ne2 Qg5 22. Rg3 Qe7 23. Ned4 d6 24. Re1 Qf6 25. Rf3 Ne5 26. Rf4 Bh6 27. Rf3 Nxf3+ 28. Qxf3 Kh8 29. Kh1 Rg8 30. Bb1 Rb8 31. Nb5 exd5 32. Qxd5 Be6 33. Qd4 Qxd4 34. N3xd4 Bxc4 35. Nxd6 Bd5 36. f3 Rbd8 37. N6xf5 Rge8 38. Rf1 Bf8 39. h3 Bc5 40. Rd1 Be6 0-1

[Event "Chigorin Memorial 25th"]
[Site "St Petersburg"]
[Date "2017.10.27"]
[Round "7"]
[White "Yarosh, Ruslan"]
[Black "Tsvetkov, Andrey"]
[Result "0-1"]
[WhiteElo "2019"]
[BlackElo "2218"]
[PlyCount "118"]
[EventDate "2017.10.21"]
[EventType "swiss"]
[EventRounds "9"]
[EventCountry "RUS"]
[SourceTitle "CBM 181 Extra"]
[Source "ChessBase"]
[SourceDate "2017.12.12"]
[SourceVersion "1"]
[SourceVersionDate "2017.12.12"]
[SourceQuality "1"]

1. e4 c5 2. Nf3 d6 3. d4 cxd4 4. Nxd4 Nf6 5. f3 e5 6. Nb3 d5 7. Bg5 d4 8. c3 Nc6 9. Bb5 h6 10. Bxf6 Qxf6 11. cxd4 Bb4+ 12. Nc3 0-0 13. 0-0 Nxd4 14. Nd5 Qd6 15. Nxb4 Qxb4 16. Nxd4 Rd8 17. Qe2 Rxd4 18. Rfd1 Be6 19. Bd3 Rad8 20. b3 Qc5 21. Qe3 Qb6 22. Kf1 R8d6 23. Rd2 Bd7 24. Rad1 Bb5 25. Ke2 Rxd3 26. Rxd3 Qd8 27. g3 Kh7 28. a4 Ba6 29. f4 exf4 30. gxf4 Qh4 31. h3 Rg6 32. Kd2 Bxd3 33. Qxd3 Rg2+ 34. Kc1 Qxf4+ 35. Kb1 Qf2 36. e5+ g6 37. Qc3 Rg3 38. Qc4 Rg2 39. Qc3 Qf5+ 40. Ka1 Rc2 41. Qd4 Qxh3 42. Rd3 Qf1+ 43. Rd1 Qe2 44. Kb1 Rb2+ 45. Qxb2 Qxd1+ 46. Ka2 Qd5 47. Qf2 a6 48. Qf4 h5 49. Qg5 Qe6 50. Qf4 Qf5 51. Qc4 Qf2+ 52. Ka3 Qf5 53. Qd5 h4 54. Qxb7 h3 55. Qxa6 h2 56. Qb7 Qxe5 57. Qxf7+ Qg7 58. Qf3 Qa1+ 59. Kb4 h1Q 0-1

[Event "Chigorin Memorial 25th"]
[Site "St Petersburg"]
[Date "2017.10.26"]
[Round "6"]
[White "Patel, Palak"]
[Black "Yarosh, Ruslan"]
[Result "0-1"]
[WhiteElo "1741"]
[BlackElo "2019"]
[PlyCount "100"]
[EventDate "2017.10.21"]
[EventType "swiss"]
[EventRounds "9"]
[EventCountry "RUS"]
[SourceTitle "CBM 181 Extra"]
[Source "ChessBase"]
[SourceDate "2017.12.12"]
[SourceVersion "1"]
[SourceVersionDate "2017.12.12"]
[SourceQuality "1"]

1. e4 d6 2. d4 Nf6 3. Nc3 e5 4. Nf3 Nbd7 5. Bc4 Be7 6. Bg5 0-0 7. Bb3 c6 8. 0-0 b5 9. a3 a5 10. Re1 Rb8 11. Bh4 b4 12. axb4 axb4 13. Nb1 Qc7 14. Nbd2 exd4 15. Nxd4 Ne5 16. Bg3 c5 17. Bxe5 dxe5 18. N4f3 Bb7 19. Bc4 Nd7 20. b3 Nb6 21. Bd3 Rbd8 22. Qb1 g5 23. Qb2 Bf6 24. h3 h5 25. Nh2 Bg7 26. Ndf3 Qe7 27. Ra7 Nc8 28. Ra5 Nd6 29. Ra7 Ra8 30. Rxa8 Bxa8 31. Qc1 f6 32. Nf1 Bh6 33. Nh4 Qg7 34. Nf5 Nxf5 35. exf5 g4 36. Bc4+ Kh7 37. Qd1 gxh3 38. g3 Qb7 39. f3 Qxf3 40. Qxf3 Bxf3 41. Kf2 Bg4 42. Bd3 Rd8 43. Nh2 Bd2 44. Rf1 Rd4 45. Ra1 e4 46. Ra7+ Kh6 47. Be2 Bxf5 48. Ra6 Kg5 49. Ra5 h4 50. Rxc5 hxg3+ 0-1

[Event "Chigorin Memorial 25th"]
[Site "St Petersburg"]
[Date "2017.10.22"]
[Round "2"]
[White "Litvinov, Maxim"]
[Black "Yarosh, Ruslan"]
[Result "1-0"]
[WhiteElo "2373"]
[BlackElo "2019"]
[PlyCount "71"]
[EventDate "2017.10.21"]
[EventType "swiss"]
[EventRounds "9"]
[EventCountry "RUS"]
[SourceTitle "CBM 181 Extra"]
[Source "ChessBase"]
[SourceDate "2017.12.12"]
[SourceVersion "1"]
[SourceVersionDate "2017.12.12"]
[SourceQuality "1"]

1. e4 d6 2. d4 Nf6 3. Nc3 Nbd7 4. f4 e5 5. Nf3 exd4 6. Qxd4 Be7 7. Be3 0-0 8. 0-0-0 a6 9. h3 b5 10. e5 c5 11. Qd2 b4 12. Ne2 Ne8 13. Ng3 Qa5 14. Nf5 Bd8 15. Kb1 dxe5 16. Nxe5 Nxe5 17. Qxd8 Qxd8 18. Rxd8 Nc6 19. Bxc5 Nxd8 20. Ne7+ Kh8 21. Nxc8 Rg8 22. Ne7 Ne6 23. Bxb4 a5 24. Ba3 Rf8 25. f5 Nf4 26. Nd5 Nxd5 27. Bxf8 Nef6 28. Ba3 Ne3 29. g4 Ne4 30. Bd3 Nf2 31. Re1 Nxd3 32. Rxe3 Nb4 33. Bxb4 axb4 34. a3 bxa3 35. Rxa3 Rd8 36. b4 1-0